Culture Générale - Clic Quiz - La réponse est en image #18 - Statistiques

Statistiques générales
  • Ce quiz a été pris 310 fois
  • Le résultat moyen est 24 sur 40
Statistiques - réponses
Hint Réponse % Correct
Couteau à fromage
92%
Inflammable
92%
Beyoncé (en emoji par IA)
89%
Rihanna (en emoji par IA)
89%
Dragon de Komodo
89%
Couteau à huitres (ou lancette)
87%
Couteau suisse
87%
Danger pour l'environnement
87%
Explosif
85%
Whitney Houston (en emoji par IA)
82%
Corrosif
81%
Oprah Winfrey (en emoji par IA)
78%
Toxique
77%
A en braille
76%
Alicia Keys (en emoji par IA)
73%
Feuille de boucher
73%
X en braille
72%
Couteau à zester (ou zesteur)
70%
Valak dans l'univers Conjuring
64%
Sicile
63%
Maki catta
54%
Nasique
53%
L en braille
52%
Pinhead dans Hellraiser
51%
Freddy Krueger dans Les Griffes de la Nuit
51%
Fou de Bassan
50%
B en braille
48%
Sardaigne
45%
Michel Desjoyeaux (Vendée Globe 2008-09)
45%
François Gabart (Vendée Globe 2012-13)
45%
K en braille
41%
The Creeper dans Jeepers Creepers
34%
Yannick Bestaven (Vendée Globe 2020-21)
32%
Addax
31%
Piémont
30%
Lombardie
29%
Latium
28%
Armel Le Cléac'h (Vendée Globe 2016-17)
27%
Carolyn dans Chair de Poule
21%
Vincent Riou (Vendée Globe 2004-05)
21%
Aucun quiz correspondant
Distribution des résultats
% des personnes avec chaque résultat
Percentile par nombre de réponses
Votre historique - résultats
Vous n’avez pas pris ce quiz